LEADER 01008nam2-22003251i-450- 001 990004457560403321 005 20150804111819.0 035 $a000445756 035 $aFED01000445756 035 $a(Aleph)000445756FED01 035 $a000445756 100 $a19990604d1960----km-y0itay50------ba 101 0 $ager$cheb 105 $af-------00--- 200 1 $a<<1.5.: >> Traktat: Schebiit$d= (Vom Sabbatjahr)$ftext Übersetzung und Erklärung Nebst Einem Textkritischen Anhang Dietrich Correns 210 $aBerlin$cA. Topelmann$d1960 215 $aVIII, 180 p.$d25 cm 225 1 $a<>Mischna$v1.5 461 0$1001000854791$v1.5 610 0 $aGiudaismo$aFonti 676 $a296.123 07 702 1$aCorrens,$bDietrich 801 0$aIT$bUNINA$gRICA$2UNIMARC 901 $aBK 912 $a990004457560403321 952 $a296.123 MIS 1 (1.5)$bBibl. 33468$fFLFBC 952 $a296.123 MIS 1 (1.5) BIS$bBibl. 27924$fFLFBC 959 $aFLFBC 996 $aTraktat: Schebiit$91497644 997 $aUNINA